عرض عادي
عرض مارك
- Brown, Charles Brockden,
مدخل إسم شخص
001 - رقم الضبط
- حقل الضبط: 6870
003 - معرف رقم الضبط
- حقل الضبط: OSt
005 - تاريخ ووقت أخر عملية
- حقل الضبط: 20111203131930.0
008 - عناصر بيانات ثابتة الطول
- حقل تحكم ثابت الطول: 111203|||a|||||| | ||| d
040 ## - مصدر الفهرسة
- هيئة الفهرسة الأصلية: OSt
- وكالة الكتابة: OSt
100 ## - مدخل -- أسم شخص
- إسم شخص: Brown, Charles Brockden,
- تواريخ مرتبطة بالاسم: 1771-1810.
670 ## - بيانات المصدر موجوده
- الاستشهاد بالمصدر: Work cat.: (OSt)0: Brown, Charles Brockden, 1771-1810., Wieland, or the transformation ;, [2009]
